000 01626nam a2200145 4500
008 739.22 M722p
020 _a9789968530361
082 _a739.22
_bM722p
100 _aMolina Muñoz, Priscilla
_96493
245 _aPiezas extraordinarias del Museo de Oro Precolombino del BCCR:
_buna aproximación a la iconografía indígena en la metalurgia precolombina
260 _aSan José, C.R.
_bFundación Museos Banco Central de Costa Rica
_c2017
300 _a104 p.
_bill. (col)
_c23 x 17 cm
505 _tEl Museo de Oro Precolombino de los Museos de Banco Central
_tLa metalurgia precolombina
_tPiezas extraordinarias: representaciones iconográficas
_tLlamados de la tierra: figuras de animales
_tTransportadoras de almas: las aves
_tCreadores de la tierra: los murciélagos
_tReencarnaciones femeninas: las mariposas
_tPiedras mágicas: las arañas
_tCuidadores de cuerpos: las ranas y los sapos
_tSeres con dualidad: las tortugas
_tProtectores: los lagartos
_tAnimales de la creación del mar: las langostas y los peces
_tAuxiliares de Sibú: los cangrejos
_tReyes de los animales de caza: los venados
_tLa mano de tigre: los felinos
_tEl hombre y sus representaciones: figuras humanas
_tPoderes místicos: Los chamanes y sus transformaciones
_tAutosacrificios: prácticas rituales con especialistas
_tLas semillas de jícaro: Los músicos y los cantores
_tIndumentarias significativas: decoraciones corporales
_tFacetas solares: los discos
_tEvocaciones de movimientos, sonido y luz: uso de placas
_tDiversidad de la indumentaria: otros colgantes
_tBibliografía
650 _xarte precolombino
_xmetalurgia - oro
_xcosmología
_xiconografía
_xCosta Rica
_96494
999 _c1540
_d1540